Concert life in Puerto Rico (Record no. 77635)

MARC details
000 -LEADER
campo de control de longitud fija 00727nam a2200217 i 4500
001 - NÚMERO DE CONTROL
campo de control 77635
003 - IDENTIFICADOR DE NÚMERO DE CONTROL
campo de control ES-MaACL
005 - FECHA Y HORA DE LA ÚLTIMA TRANSACCIÓN
campo de control 20230906173320.0
007 - CAMPO FIJO DE DESCRIPCIÓN FÍSICA--INFORMACIÓN GENERAL
campo de control de longitud fija t|
008 - DATOS DE LONGITUD FIJA--INFORMACIÓN GENERAL
campo de control de longitud fija 041028s1998 pr ||||1| spa d
020 ## - NÚMERO INTERNACIONAL ESTÁNDAR DEL LIBRO
Número Internacional Estándar del Libro 0-8477-0320-7
080 ## - NÚMERO DE LA CLASIFICACIÓN DECIMAL UNIVERSAL
Número de la Clasificación Decimal Universal 78.035/.036(729.5)
100 1# - ENTRADA PRINCIPAL--NOMBRE DE PERSONA
Nombre de persona Thompson, Donald.
9 (RLIN) 110073
245 10 - MENCIÓN DEL TÍTULO
Título Concert life in Puerto Rico
Resto del título : views and reviews /
Mención de responsabilidad, etc. by Donald Thompson and Francis Schwartz.
250 ## - MENCION DE EDICION
Mención de edición 1ª ed.
260 ## - PUBLICACIÓN, DISTRIBUCIÓN, ETC.
Lugar de publicación, distribución, etc. San Juan de Puerto Rico :
Nombre del editor, distribuidor, etc. Universidad de Puerto Rico,
Fecha de publicación, distribución, etc. 1998.
300 ## - DESCRIPCIÓN FÍSICA
Extensión XXI, 806 p. ;
Dimensiones 23 cm.
650 14 - PUNTO DE ACCESO ADICIONAL DE MATERIA--TÉRMINO DE MATERIA
Término de materia o nombre geográfico como elemento de entrada Conciertos-
Subdivisión geográfica Puerto Rico.
9 (RLIN) 11243
700 1# - ENTRADA AGREGADA--NOMBRE PERSONAL
Nombre de persona Schwartz, Francis.
9 (RLIN) 104867
852 ## - LOCALIZACIÓN
Ubicación ES-MaACL
Número de control de estantería E-10180
Sublocalización o colección R.134408
Holdings
Estatus retirado Estado de pérdida Estado de daño No para préstamo Biblioteca de origen Biblioteca actual Ubicación en estantería Fecha de adquisición Fuente de adquisición Total de préstamos Signatura topográfica completa Código de barras Visto por última vez Precio de reemplazo Tipo de ítem Koha
        Biblioteca del Ateneo de Madrid Biblioteca del Ateneo de Madrid Depósito 2 17/01/2008     E-10180 1081225 23/02/2023 23/02/2023 Libro impreso